[Event "NB II. Toth Laszlo csoport"]
[Site "Oroshaza"]
[Date "2024.02.18"]
[Round "4.1"]
[White "Oltean, Cristian-Daniel"]
[Black "Kunos, Zoltan"]
[Result "1/2-1/2"]
[WhiteElo "2076"]
[BlackElo "2054"]
[PlyCount "45"]
[EventDate "2023.10.08"]
[EventType "team-tourn"]
[EventRounds "9"]
[EventCountry "HUN"]
[Source "chess.hu"]
[WhiteTeam "Gyulai SE"]
[BlackTeam "Oroshazi SE"]
[WhiteTeamCountry "HUN"]
[BlackTeamCountry "HUN"]

1. e4 Nf6 2. e5 Nd5 3. d4 d6 4. c4 Nb6 5. f4 dxe5 6. fxe5 Bf5 7. Nc3 e6 8. Nf3
Be7 9. Be2 O-O 10. O-O Nc6 11. Be3 f6 12. exf6 Bxf6 13. Qd2 Qe7 14. Rad1 Rad8
15. b3 Rd7 16. c5 Nd5 17. Nxd5 exd5 18. Rde1 a6 19. Bd3 Bxd3 20. Qxd3 Qe4 21.
Qd2 Qg6 22. Bf4 h6 23. h3 1/2-1/2

[Event "NB II. Toth Laszlo csoport"]
[Site "Oroshaza"]
[Date "2024.02.18"]
[Round "4.2"]
[White "Kakuk, Sandor"]
[Black "Tamas, Kornel"]
[Result "1/2-1/2"]
[WhiteElo "2049"]
[BlackElo "2008"]
[PlyCount "99"]
[EventDate "2023.10.08"]
[EventType "team-tourn"]
[EventRounds "9"]
[EventCountry "HUN"]
[Source "chess.hu"]
[WhiteTeam "Oroshazi SE"]
[BlackTeam "Gyulai SE"]
[WhiteTeamCountry "HUN"]
[BlackTeamCountry "HUN"]

1. e4 c5 2. Bc4 e6 3. Nc3 Nc6 4. Nf3 a6 5. a4 d6 6. d4 cxd4 7. Nxd4 Qc7 8. O-O
Nf6 9. Be3 Ne5 10. Be2 Be7 11. Kh1 O-O 12. f4 Nc4 13. Bc1 Bd7 14. b3 Ne3 15.
Bxe3 Qxc3 16. Qd3 Qc7 17. c4 Rad8 18. Rac1 e5 19. Nc2 Bc6 20. Bf3 a5 21. f5 Nd7
22. Na3 Nc5 23. Qc2 Bf6 24. Nb5 Qe7 25. Rcd1 Bxb5 26. axb5 Bg5 27. Bg1 b6 28.
Qc3 g6 29. fxg6 hxg6 30. Rfe1 Kg7 31. Bxc5 dxc5 32. Rd5 Rxd5 33. exd5 Re8 34.
Rd1 Qd6 35. g4 Bf4 36. h3 Rh8 37. Bg2 Rd8 38. Rf1 Qf6 39. Be4 Qg5 40. Qd3 Rd6
41. Rf3 Kg8 42. Rf1 Be3 43. Rf3 Bd4 44. Qf1 f6 45. Qd3 Kg7 46. Rf1 Be3 47. Rf3
Bf4 48. Rf2 Qh4 49. Kg2 Qg5 50. Kf1 1/2-1/2

[Event "NB II. Toth Laszlo csoport"]
[Site "Oroshaza"]
[Date "2024.02.18"]
[Round "4.3"]
[White "Gombos, Janos"]
[Black "Gyori, Szabolcs"]
[Result "1/2-1/2"]
[WhiteElo "1953"]
[BlackElo "2104"]
[PlyCount "72"]
[EventDate "2023.10.08"]
[EventType "team-tourn"]
[EventRounds "9"]
[EventCountry "HUN"]
[Source "chess.hu"]
[WhiteTeam "Gyulai SE"]
[BlackTeam "Oroshazi SE"]
[WhiteTeamCountry "HUN"]
[BlackTeamCountry "HUN"]

1. e4 d6 2. d4 Nf6 3. Nc3 e5 4. dxe5 dxe5 5. Qxd8+ Kxd8 6. Bg5 Be6 7. O-O-O+
Nbd7 8. f4 exf4 9. Bxf4 c6 10. h3 Bb4 11. Nge2 h6 12. a3 Bc5 13. Nd4 a5 14.
Nxe6+ fxe6 15. Be2 Re8 16. Bf3 e5 17. Bd2 b5 18. Rhe1 Kc7 19. a4 b4 20. Ne2
Rad8 21. Ng1 Nf8 22. Be3 Rxd1+ 23. Kxd1 Rd8+ 24. Kc1 Ne6 25. b3 Nd4 26. Bxd4
Bxd4 27. Kb1 Bc3 28. Rf1 Rd2 29. Kc1 Rd4 30. Rd1 Kd6 31. Rxd4+ exd4 32. e5+
Kxe5 33. Bxc6 Kf4 34. Nf3 g5 35. Nd2 Bxd2+ 36. Kxd2 Ke5 1/2-1/2

[Event "NB II. Toth Laszlo csoport"]
[Site "Oroshaza"]
[Date "2024.02.18"]
[Round "4.4"]
[White "Kulcsar, Jozsef"]
[Black "Campeanu, Alin-Vivian"]
[Result "0-1"]
[WhiteElo "2007"]
[BlackElo "1822"]
[PlyCount "64"]
[EventDate "2023.10.08"]
[EventType "team-tourn"]
[EventRounds "9"]
[EventCountry "HUN"]
[Source "chess.hu"]
[WhiteTeam "Oroshazi SE"]
[BlackTeam "Gyulai SE"]
[WhiteTeamCountry "HUN"]
[BlackTeamCountry "HUN"]

1. f4 d5 2. Nf3 Nf6 3. e3 Bg4 4. b3 Nbd7 5. Bb2 c6 6. Be2 Bxf3 7. Bxf3 Qc7 8.
O-O e5 9. g3 Bd6 10. d3 O-O-O 11. Qe2 Rde8 12. Qf2 h5 13. Nd2 h4 14. Kg2 Kb8
15. c4 Nc5 16. Be2 hxg3 17. hxg3 Nxd3 18. Bxd3 Ng4 19. Qf3 Rh2+ 20. Kg1 Rxd2
21. Qxg4 Rxb2 22. Rf2 Rxf2 23. Kxf2 exf4 24. gxf4 Qe7 25. Re1 Bc5 26. Qg3 Qf6
27. cxd5 Qc3 28. Bc4 cxd5 29. Bb5 Re7 30. f5+ Ka8 31. Qh4 a6 32. Bf1 Rxe3 0-1

[Event "NB II. Toth Laszlo csoport"]
[Site "Oroshaza"]
[Date "2024.02.18"]
[Round "4.5"]
[White "Banyai, Istvan"]
[Black "Bacsi, Kristof"]
[Result "0-1"]
[WhiteElo "1957"]
[BlackElo "1899"]
[PlyCount "142"]
[EventDate "2023.10.08"]
[EventType "team-tourn"]
[EventRounds "9"]
[EventCountry "HUN"]
[Source "chess.hu"]
[WhiteTeam "Gyulai SE"]
[BlackTeam "Oroshazi SE"]
[WhiteTeamCountry "HUN"]
[BlackTeamCountry "HUN"]

1. d4 d5 2. Bf4 Nf6 3. c3 e6 4. e3 Bd6 5. Bg5 c5 6. Bxf6 Qxf6 7. Nf3 Nc6 8.
Nbd2 O-O 9. Be2 b6 10. Qa4 Bb7 11. O-O e5 12. dxe5 Nxe5 13. Nxe5 Bxe5 14. Nf3
Bc7 15. Ba6 Bc6 16. Bb5 Bb7 17. Ba6 Qc6 18. Qxc6 Bxc6 19. Be2 Rad8 20. Rfd1 Rd7
21. Rd2 Rfd8 22. Rad1 Ba4 23. Rc1 Bc6 24. Rcd1 Ba4 25. Rc1 Bc6 26. Rcd1 Kf8 27.
Ne1 Be5 28. Bf3 Ke7 29. Nd3 Ke6 30. Nf4+ Bxf4 31. exf4 Bb5 32. b3 d4 33. c4 Ba6
34. Be4 Bb7 35. Bd3 f5 36. Re1+ Kf6 37. Rde2 g6 38. f3 Rc8 39. Kf2 Rcc7 40. a4
Re7 41. Re5 Bc8 42. Kg3 Re6 43. Rxe6+ Bxe6 44. Kf2 Re7 45. Re2 a6 46. Ke1 b5
47. cxb5 axb5 48. axb5 Bxb3 49. Rxe7 Kxe7 50. b6 Kd6 51. Bb5 Bd5 52. Kd2 c4 53.
Ba6 c3+ 54. Kd3 Kc6 55. b7 Kc7 56. h4 Bxb7 57. Bc4 Kd6 58. Bg8 Ba6+ 59. Kc2 h6
60. Bf7 Bf1 61. g3 Be2 62. Bxg6 Ke6 63. Bh5 Ke7 64. Bg6 Kf6 65. Bh5 Kg7 66. Be8
Bxf3 67. Ba4 Be4+ 68. Kd1 Kf6 69. Bd7 Ke7 70. Bc8 d3 71. g4 Bf3+ 0-1

[Event "NB II. Toth Laszlo csoport"]
[Site "Oroshaza"]
[Date "2024.02.18"]
[Round "4.6"]
[White "Monus, Zoltan"]
[Black "Cretu, Sorin-Alexandru"]
[Result "0-1"]
[WhiteElo "1934"]
[BlackElo "1721"]
[PlyCount "72"]
[EventDate "2023.10.08"]
[EventType "team-tourn"]
[EventRounds "9"]
[EventCountry "HUN"]
[Source "chess.hu"]
[WhiteTeam "Oroshazi SE"]
[BlackTeam "Gyulai SE"]
[WhiteTeamCountry "HUN"]
[BlackTeamCountry "HUN"]

1. d4 Nf6 2. Nc3 d5 3. Bf4 a6 4. e3 e6 5. Bd3 c5 6. dxc5 Bxc5 7. Nf3 Nc6 8. O-O
Bd6 9. Bxd6 Qxd6 10. e4 d4 11. Ne2 e5 12. Ng3 O-O 13. Qd2 h6 14. Nh4 Ne7 15.
Rae1 Ng6 16. Nxg6 fxg6 17. f4 b5 18. fxe5 Qxe5 19. Qb4 Be6 20. a4 bxa4 21. Qxa4
Rfb8 22. b3 Kh7 23. Ra1 Ng4 24. Qa5 Qd6 25. e5 Nxe5 26. Ne4 Qd5 27. Qxd5 Bxd5
28. Nc5 Rc8 29. Ra5 Nxd3 30. Nxd3 Be4 31. Rf4 Re8 32. Ra4 g5 33. Rg4 Rac8 34.
Rxd4 Bf5 35. Rg3 Rxc2 36. h3 Rd2 0-1

[Event "NB II. Toth Laszlo csoport"]
[Site "Oroshaza"]
[Date "2024.02.18"]
[Round "4.8"]
[White "Bogdany, Gabor"]
[Black "Budai, Mate"]
[Result "1-0"]
[WhiteElo "1916"]
[BlackElo "1432"]
[PlyCount "81"]
[EventDate "2023.10.08"]
[EventType "team-tourn"]
[EventRounds "9"]
[EventCountry "HUN"]
[Source "chess.hu"]
[WhiteTeam "Oroshazi SE"]
[BlackTeam "Gyulai SE"]
[WhiteTeamCountry "HUN"]
[BlackTeamCountry "HUN"]

1. e4 e5 2. Nf3 Nc6 3. Bb5 d6 4. c3 Bd7 5. d4 f6 6. Nbd2 Nh6 7. Nc4 Nf7 8. Ne3
Be7 9. d5 Nb8 10. Be2 O-O 11. O-O Qc8 12. a4 f5 13. exf5 Bxf5 14. b4 a6 15.
Nxf5 Qxf5 16. Be3 e4 17. Ne1 Bf6 18. Qd2 c6 19. Bc4 Rd8 20. f4 Kf8 21. Rc1 b5
22. axb5 axb5 23. Bb3 Ra3 24. Rb1 cxd5 25. Nc2 Ra6 26. Nd4 Bxd4 27. Qxd4 Rc8
28. Bxd5 Qf6 29. Bb7 Rxc3 30. Bxa6 Nxa6 31. Rfc1 Rxc1+ 32. Rxc1 Qxd4 33. Bxd4
Nxb4 34. Kf1 g5 35. Rc8+ Ke7 36. Rc7+ Ke6 37. f5+ Kd5 38. Rxf7 Kxd4 39. Rb7 Kd3
40. f6 e3 41. Re7 1-0

[Event "NB II. Toth Laszlo csoport"]
[Site "Oroshaza"]
[Date "2024.02.18"]
[Round "4.9"]
[White "Major, Peter"]
[Black "Berta, Gergely"]
[Result "0-1"]
[WhiteElo "1399"]
[BlackElo "1971"]
[PlyCount "36"]
[EventDate "2023.10.08"]
[EventType "team-tourn"]
[EventRounds "9"]
[EventCountry "HUN"]
[Source "chess.hu"]
[WhiteTeam "Gyulai SE"]
[BlackTeam "Oroshazi SE"]
[WhiteTeamCountry "HUN"]
[BlackTeamCountry "HUN"]

1. e4 e5 2. f4 exf4 3. Nf3 Be7 4. Bc4 Bh4+ 5. Kf1 d5 6. Bxd5 Ne7 7. Bxf7+ Kxf7
8. Nxh4 Rf8 9. Nf3 Kg8 10. Kf2 Bg4 11. c3 Ng6 12. Rf1 Qd3 13. Qb3+ Kh8 14. Qxb7
Bxf3 15. gxf3 Nh4 16. Ke1 Nxf3+ 17. Rxf3 Qxf3 18. Qxa8 Qh1+ 0-1

[Event "NB II. Toth Laszlo csoport"]
[Site "Oroshaza"]
[Date "2024.02.18"]
[Round "4.10"]
[White "Safran, Istvan"]
[Black "Gyenge, Gergo"]
[Result "1-0"]
[WhiteElo "1728"]
[BlackElo "1476"]
[PlyCount "67"]
[EventDate "2023.10.08"]
[EventType "team-tourn"]
[EventRounds "9"]
[EventCountry "HUN"]
[Source "chess.hu"]
[WhiteTeam "Oroshazi SE"]
[BlackTeam "Gyulai SE"]
[WhiteTeamCountry "HUN"]
[BlackTeamCountry "HUN"]

1. b4 e5 2. Bb2 d6 3. e3 Nf6 4. Be2 Be7 5. a3 O-O 6. d3 a6 7. Nd2 Nc6 8. Ngf3
Bg4 9. h3 Bh5 10. g4 Bg6 11. Nh4 Nd5 12. Nf5 Bg5 13. Bf3 Nde7 14. e4 Bxf5 15.
gxf5 Nd4 16. Nb3 Nec6 17. c3 Nxf3+ 18. Qxf3 Bh4 19. Rg1 Qf6 20. Bc1 h6 21. Qh5
Kh7 22. Rg4 Bxf2+ 23. Kxf2 Qe7 24. Be3 Rg8 25. Ke2 f6 26. Rag1 Kh8 27. Rg6 Qf7
28. Bxh6 Qxg6 29. Rxg6 Nd4+ 30. Nxd4 Rge8 31. Bxg7+ Kg8 32. Bxf6+ Kf8 33. Qh8+
Kf7 34. Qg7# 1-0

[Event "NB II. Toth Laszlo csoport"]
[Site "Oroshaza"]
[Date "2024.02.18"]
[Round "4.11"]
[White "Godo, Csongor"]
[Black "Vaczi, Sandor"]
[Result "1/2-1/2"]
[WhiteElo "1129"]
[BlackElo "1754"]
[PlyCount "44"]
[EventDate "2023.10.08"]
[EventType "team-tourn"]
[EventRounds "9"]
[EventCountry "HUN"]
[Source "chess.hu"]
[WhiteTeam "Gyulai SE"]
[BlackTeam "Oroshazi SE"]
[WhiteTeamCountry "HUN"]
[BlackTeamCountry "HUN"]

1. e4 c6 2. d4 d5 3. Nc3 dxe4 4. Nxe4 Bf5 5. Ng3 Bg6 6. c3 e6 7. Nf3 Bd6 8. Bd3
Bxd3 9. Qxd3 Nf6 10. c4 O-O 11. O-O h6 12. a3 a5 13. Bd2 Qc7 14. b4 axb4 15.
axb4 Nbd7 16. c5 Bf4 17. Ne2 Bxd2 18. Nxd2 Nd5 19. b5 cxb5 20. Qxb5 Qc6 21.
Qxc6 bxc6 22. Nc4 Rfb8 1/2-1/2

[Event "NB II. Toth Laszlo csoport"]
[Site "Szeged"]
[Date "2024.02.18"]
[Round "4.1"]
[White "Keresztes, Richard"]
[Black "Pap, Peter"]
[Result "1/2-1/2"]
[WhiteElo "2191"]
[BlackElo "2167"]
[PlyCount "71"]
[EventDate "2023.10.08"]
[EventType "team-tourn"]
[EventRounds "9"]
[EventCountry "HUN"]
[Source "chess.hu"]
[WhiteTeam "TAKISZ SE"]
[BlackTeam "Maroczy SE II."]
[WhiteTeamCountry "HUN"]
[BlackTeamCountry "HUN"]

1. d4 d5 2. c4 c6 3. cxd5 cxd5 4. Nc3 Nf6 5. Nf3 Nc6 6. Bf4 a6 7. e3 Bf5 8. Bd3
Bxd3 9. Qxd3 e6 10. O-O Bd6 11. Bg5 Be7 12. Rfc1 Nd7 13. Bf4 g5 14. Bg3 h5 15.
e4 dxe4 16. Nxe4 g4 17. Nfd2 Nf6 18. Nb3 Qd5 19. Nxf6+ Bxf6 20. Rc5 Qd7 21. Rd1
Rd8 22. d5 exd5 23. Re1+ Kf8 24. Qd2 Qf5 25. Na5 Nxa5 26. Qxa5 Kg7 27. Rd1 h4
28. Bc7 Rd7 29. Rcxd5 Rxd5 30. Qxd5 Qxd5 31. Rxd5 Rc8 32. Rc5 Re8 33. Kf1 Bxb2
34. Rg5+ Kf6 35. Rxg4 h3 36. gxh3 1/2-1/2

[Event "NB II. Toth Laszlo csoport"]
[Site "Szeged"]
[Date "2024.02.18"]
[Round "4.2"]
[White "Kelemen, David"]
[Black "Horvath, Jozsef"]
[Result "0-1"]
[WhiteElo "2140"]
[BlackElo "2039"]
[PlyCount "108"]
[EventDate "2023.10.08"]
[EventType "team-tourn"]
[EventRounds "9"]
[EventCountry "HUN"]
[Source "chess.hu"]
[WhiteTeam "Maroczy SE II."]
[BlackTeam "TAKISZ SE"]
[WhiteTeamCountry "HUN"]
[BlackTeamCountry "HUN"]

1. e4 c5 2. Nf3 e6 3. d4 cxd4 4. Nxd4 a6 5. c4 Qc7 6. Nc3 Nf6 7. Be2 Bb4 8. Qd3
Nc6 9. O-O O-O 10. Bg5 Bxc3 11. Bxf6 Bxb2 12. Nxe6 dxe6 13. Bxb2 Rd8 14. Qe3 e5
15. f4 f6 16. f5 Bd7 17. g4 Nd4 18. Bd3 Ba4 19. Rf2 Qe7 20. Kh1 Rd7 21. Rg1
Rad8 22. Bb1 Nc6 23. g5 Rd1 24. Rfg2 Rxg1+ 25. Rxg1 fxg5 26. Rxg5 Rd1+ 27. Rg1
Rxg1+ 28. Kxg1 Qd6 29. Bd3 Nb4 30. Be2 Nc2 31. Qd3 Qb6+ 32. Kh1 Nb4 33. Qg3 Nc6
34. f6 g6 35. Qa3 Qf2 36. Qf3 Qxf3+ 37. Bxf3 Kf7 38. Kg2 Bc2 39. Kf2 Bd3 40. c5
Bc4 41. a3 Kxf6 42. Ke3 Na5 43. Bd1 Ba2 44. Bc1 Bb1 45. Kf3 g5 46. Kg4 Bxe4 47.
Bxg5+ Kg6 48. Bc1 Kf6 49. Ba4 Ke6 50. Bd2 Nc4 51. Bb3 Kd5 52. Be3 Bd3 53. Kg5
Ke4 54. Bc1 Kd4 0-1

[Event "NB II. Toth Laszlo csoport"]
[Site "Szeged"]
[Date "2024.02.18"]
[Round "4.3"]
[White "Keresztes, Mark"]
[Black "Koszta, Benedek"]
[Result "0-1"]
[WhiteElo "1983"]
[BlackElo "2110"]
[PlyCount "44"]
[EventDate "2023.10.08"]
[EventType "team-tourn"]
[EventRounds "9"]
[EventCountry "HUN"]
[Source "chess.hu"]
[WhiteTeam "TAKISZ SE"]
[BlackTeam "Maroczy SE II."]
[WhiteTeamCountry "HUN"]
[BlackTeamCountry "HUN"]

1. c4 Nf6 2. Nc3 e6 3. e4 d5 4. e5 d4 5. exf6 dxc3 6. fxg7 cxd2+ 7. Bxd2 Bxg7
8. Qc2 Nc6 9. Nf3 Qe7 10. Be2 e5 11. Bc3 O-O 12. Rd1 Be6 13. O-O f5 14. Qb3
Rab8 15. Qa4 Kh8 16. b4 Rg8 17. Qa3 e4 18. Ne1 a5 19. Nc2 f4 20. f3 Bh3 21.
fxe4 Bxg2 22. Rf2 Bxe4 0-1

[Event "NB II. Toth Laszlo csoport"]
[Site "Szeged"]
[Date "2024.02.18"]
[Round "4.4"]
[White "Pap, Andras"]
[Black "Donko, Matyas"]
[Result "1-0"]
[WhiteElo "2163"]
[BlackElo "1871"]
[PlyCount "124"]
[EventDate "2023.10.08"]
[EventType "team-tourn"]
[EventRounds "9"]
[EventCountry "HUN"]
[Source "chess.hu"]
[WhiteTeam "Maroczy SE II."]
[BlackTeam "TAKISZ SE"]
[WhiteTeamCountry "HUN"]
[BlackTeamCountry "HUN"]

1. c4 e6 2. Nf3 d5 3. d4 Nf6 4. g3 dxc4 5. Bg2 a6 6. O-O b5 7. Ne5 c6 8. Nxc6
Qb6 9. Nxb8 Rxb8 10. Bf4 Bd6 11. Bxd6 Qxd6 12. e4 Qb6 13. Nc3 Bb7 14. d5 O-O
15. Qc2 Rfd8 16. Rfd1 exd5 17. Nxd5 Nxd5 18. exd5 Rd6 19. Rd2 Rbd8 20. Rad1 g6
21. Qc3 Bc8 22. b3 cxb3 23. Qxb3 a5 24. Rb1 Bd7 25. a3 Bf5 26. Rbb2 Qc5 27. Rd1
Bd7 28. Rc2 Qb6 29. Rdc1 Qd4 30. Rc7 Rb8 31. Rd1 Qb6 32. Rdc1 Qd4 33. R7c5 Rf6
34. Qe3 Qxe3 35. fxe3 Ra6 36. Rc7 Rd6 37. e4 f6 38. Ra7 a4 39. Rcc7 Rd8 40. Bf1
f5 41. Bg2 fxe4 42. Bxe4 Kf8 43. Bg2 Ke7 44. Rc6 g5 45. Kf2 g4 46. Ke3 Rf8 47.
Be4 Rff6 48. Kd4 Kd8 49. Rxd6 Rxd6 50. Ra8+ Ke7 51. Rh8 Rh6 52. Rxh7+ Rxh7 53.
Bxh7 Kd6 54. Bd3 b4 55. axb4 a3 56. Bc4 Bb5 57. Bb3 Ba4 58. Kc3 Bb5 59. Bd1 Bd7
60. Bb3 Ke5 61. Kc4 Ke4 62. b5 Bc8 1-0

[Event "NB II. Toth Laszlo csoport"]
[Site "Szeged"]
[Date "2024.02.18"]
[Round "4.5"]
[White "Keresztes, Zoltan"]
[Black "Megyaszai, Balazs"]
[Result "0-1"]
[WhiteElo "1843"]
[BlackElo "2009"]
[PlyCount "86"]
[EventDate "2023.10.08"]
[EventType "team-tourn"]
[EventRounds "9"]
[EventCountry "HUN"]
[Source "chess.hu"]
[WhiteTeam "TAKISZ SE"]
[BlackTeam "Maroczy SE II."]
[WhiteTeamCountry "HUN"]
[BlackTeamCountry "HUN"]

1. d4 d5 2. c4 e6 3. Nc3 c6 4. cxd5 exd5 5. Nf3 Bf5 6. Bf4 Qb6 7. Qc1 Nf6 8. a3
Be7 9. e3 O-O 10. Be2 h6 11. O-O Nbd7 12. Ne5 Rac8 13. Rd1 Nxe5 14. Bxe5 Ne4
15. Bd3 Nxc3 16. bxc3 Bxd3 17. Rxd3 Qa6 18. Qc2 Qc4 19. Rd2 b5 20. a4 a6 21.
axb5 axb5 22. Qb2 Ra8 23. Rdd1 Ra4 24. Rxa4 bxa4 25. Ra1 a3 26. Rxa3 Bxa3 27.
Qxa3 Qb5 28. h3 Qb7 29. Qa2 Ra8 30. Qc2 Ra1+ 31. Kh2 Qb1 32. Qe2 Qf5 33. Bd6
Rc1 34. Bg3 Rxc3 35. Qb2 Rc2 36. Qb8+ Kh7 37. Qc7 Rc1 38. Bf4 Rf1 39. Kg3 Qg6+
40. Kh2 Rxf2 41. Bg3 Rc2 42. Qf4 Qe4 43. Qf1 f5 0-1

[Event "NB II. Toth Laszlo csoport"]
[Site "Szeged"]
[Date "2024.02.18"]
[Round "4.6"]
[White "Kevei, Peter"]
[Black "Marton, Attila"]
[Result "1-0"]
[WhiteElo "2131"]
[BlackElo "1825"]
[PlyCount "39"]
[EventDate "2023.10.08"]
[EventType "team-tourn"]
[EventRounds "9"]
[EventCountry "HUN"]
[Source "chess.hu"]
[WhiteTeam "Maroczy SE II."]
[BlackTeam "TAKISZ SE"]
[WhiteTeamCountry "HUN"]
[BlackTeamCountry "HUN"]

1. e4 c5 2. Nf3 Nc6 3. d4 cxd4 4. Nxd4 Nf6 5. Nc3 a6 6. Nxc6 bxc6 7. e5 Ng8 8.
Bc4 Qa5 9. Qh5 g6 10. Bxf7+ Kd8 11. Qe2 Bg7 12. Bf4 Qb4 13. Qe3 e6 14. a3 Qb8
15. O-O-O Ke7 16. Bxg8 Rxg8 17. Ne4 Bxe5 18. Bxe5 Qxe5 19. f4 Qc7 20. Qc5+ 1-0

[Event "NB II. Toth Laszlo csoport"]
[Site "Szeged"]
[Date "2024.02.18"]
[Round "4.7"]
[White "Meljan, David"]
[Black "Papp Z., Csaba"]
[Result "1/2-1/2"]
[WhiteElo "1792"]
[BlackElo "2124"]
[PlyCount "63"]
[EventDate "2023.10.08"]
[EventType "team-tourn"]
[EventRounds "9"]
[EventCountry "HUN"]
[Source "chess.hu"]
[WhiteTeam "TAKISZ SE"]
[BlackTeam "Maroczy SE II."]
[WhiteTeamCountry "HUN"]
[BlackTeamCountry "HUN"]

1. d4 d5 2. c4 Bf5 3. Nc3 e6 4. Qb3 Nc6 5. cxd5 exd5 6. Be3 Nf6 7. Nf3 Be7 8.
Bg5 O-O 9. e3 Nb4 10. Rc1 Be4 11. Nxe4 dxe4 12. Nd2 Nbd5 13. Bc4 c6 14. O-O Rb8
15. Bxd5 Nxd5 16. Bxe7 Qxe7 17. a3 f5 18. f4 Kh8 19. Nc4 g5 20. Ne5 gxf4 21.
exf4 Qg7 22. Rc5 Rg8 23. g3 Rbd8 24. Rfc1 Rgf8 25. Kh1 Rd6 26. R1c2 Nf6 27. Rd2
h5 28. Nc4 Rd5 29. Ne3 Rxc5 30. dxc5 Ng4 31. Nxg4 Qxg4 32. Rd7 1/2-1/2

[Event "NB II. Toth Laszlo csoport"]
[Site "Szeged"]
[Date "2024.02.18"]
[Round "4.8"]
[White "Papp, Balazs"]
[Black "Gomori, Mihaly"]
[Result "1-0"]
[WhiteElo "2031"]
[BlackElo "1802"]
[PlyCount "91"]
[EventDate "2023.10.08"]
[EventType "team-tourn"]
[EventRounds "9"]
[EventCountry "HUN"]
[Source "chess.hu"]
[WhiteTeam "Maroczy SE II."]
[BlackTeam "TAKISZ SE"]
[WhiteTeamCountry "HUN"]
[BlackTeamCountry "HUN"]

1. Nf3 Nf6 2. c4 g6 3. d4 d6 4. Nc3 Bg7 5. e4 O-O 6. Be2 Nbd7 7. O-O e5 8. Be3
Ng4 9. Bg5 f6 10. Bc1 c6 11. d5 c5 12. Kh1 Nh6 13. Rg1 Ng4 14. Qf1 f5 15. Ng5
Ndf6 16. h3 Nh6 17. g3 fxe4 18. g4 Qe7 19. Be3 Nf7 20. Ngxe4 Nxe4 21. Nxe4 Bd7
22. Qg2 Qh4 23. Qg3 Qxg3 24. fxg3 a6 25. Kg2 b5 26. b3 b4 27. a3 a5 28. Rab1
Rfb8 29. Bd1 Kf8 30. Bd2 Ke7 31. Bc2 Kd8 32. Rbf1 Be8 33. Rf2 a4 34. axb4 cxb4
35. bxa4 b3 36. Bd3 b2 37. Rb1 Rxa4 38. Bc3 Ra2 39. Rfxb2 Raxb2+ 40. Rxb2 Rxb2+
41. Bxb2 Ba4 42. Ba3 Kc7 43. g5 h5 44. gxh6 Bxh6 45. Nc3 Bb3 46. Bxg6 1-0

[Event "NB II. Toth Laszlo csoport"]
[Site "Szeged"]
[Date "2024.02.18"]
[Round "4.9"]
[White "Botta, Tibor Dr"]
[Black "Toth, Daniel"]
[Result "0-1"]
[WhiteElo "1792"]
[BlackElo "2052"]
[PlyCount "148"]
[EventDate "2023.10.08"]
[EventType "team-tourn"]
[EventRounds "9"]
[EventCountry "HUN"]
[Source "chess.hu"]
[WhiteTeam "TAKISZ SE"]
[BlackTeam "Maroczy SE II."]
[WhiteTeamCountry "HUN"]
[BlackTeamCountry "HUN"]

1. d4 Nf6 2. c4 e6 3. a3 d5 4. e3 Be7 5. Nc3 O-O 6. Bd2 b6 7. cxd5 exd5 8. Nf3
Bb7 9. Bd3 Nbd7 10. O-O Ne4 11. Ne1 c5 12. f3 Nxd2 13. Qxd2 Bg5 14. f4 Bf6 15.
Nf3 Re8 16. Rae1 a6 17. Ne5 Bxe5 18. fxe5 f6 19. exf6 Nxf6 20. Qf2 Qe7 21. h3
Rac8 22. g4 Ne4 23. Nxe4 dxe4 24. Bc4+ Kh8 25. dxc5 Qxc5 26. Bb3 Rf8 27. Qd2
Qe5 28. Rf4 g5 29. Rxf8+ Rxf8 30. Kg2 Qf6 31. Qc3 Qxc3 32. bxc3 Rc8 33. Rc1 Kg7
34. Kf2 Rd8 35. Rd1 Rxd1 36. Bxd1 Bd5 37. Be2 b5 38. Ke1 Kf6 39. Kd2 Ke5 40.
Kc2 Kd6 41. a4 Kc5 42. axb5 axb5 43. Bf1 Ba2 44. Bg2 Kd5 45. Kd2 Bc4 46. Kc2 h6
47. Kb2 Bd3 48. Kc1 Kc4 49. Kd2 Kc5 50. Bh1 Kd5 51. Bg2 Ke5 52. Ke1 Bc4 53. Kd2
Bf7 54. Bf1 Be8 55. Be2 Kd5 56. Kc2 Kc5 57. Bf1 h5 58. Be2 h4 59. Bf1 Bf7 60.
Bg2 Bd5 61. Kd2 Bc6 62. Kc2 Bb7 63. Kb3 Bd5+ 64. Kc2 Bc4 65. Kd1 Bd3 66. Kc1
Kc4 67. Kd2 Kb3 68. Bh1 Bf1 69. Bxe4 Bxh3 70. Bd5+ Kb2 71. Bf3 Bf1 72. Ke1 Bc4
73. Kd2 h3 74. e4 h2 0-1

[Event "NB II. Toth Laszlo csoport"]
[Site "Szeged"]
[Date "2024.02.18"]
[Round "4.10"]
[White "Linczer, Janos"]
[Black "Moczo, Istvan"]
[Result "1/2-1/2"]
[WhiteElo "2078"]
[BlackElo "1787"]
[PlyCount "121"]
[EventDate "2023.10.08"]
[EventType "team-tourn"]
[EventRounds "9"]
[EventCountry "HUN"]
[Source "chess.hu"]
[WhiteTeam "Maroczy SE II."]
[BlackTeam "TAKISZ SE"]
[WhiteTeamCountry "HUN"]
[BlackTeamCountry "HUN"]

1. e4 c5 2. Nf3 d6 3. d4 cxd4 4. Nxd4 e5 5. Nf3 a6 6. c4 Nf6 7. Nc3 Be7 8. h3
Nc6 9. Be2 b6 10. O-O O-O 11. Re1 Bb7 12. b3 Rc8 13. Ba3 Qc7 14. Qd2 Rfd8 15.
Rac1 Nb8 16. Qe3 Nbd7 17. b4 Qb8 18. Bd3 a5 19. Na4 axb4 20. Bxb4 Qa7 21. Nc3
Nc5 22. Bb1 h6 23. Nh4 Nh7 24. Nf5 Bg5 25. Qg3 g6 26. h4 Bxc1 27. Ne7+ Kg7 28.
Nxc8 Bxc8 29. Rxc1 Be6 30. Nd5 Bxd5 31. exd5 Nf6 32. Qf3 Qd7 33. g3 Qg4 34.
Qxg4 Nxg4 35. Bxc5 bxc5 36. Rc3 Rb8 37. Rb3 Rxb3 38. axb3 Nf6 39. f3 g5 40.
hxg5 hxg5 41. g4 Nd7 42. Kf2 Nb6 43. Ke3 Nc8 44. Kd2 Kf8 45. Kc3 Ke8 46. b4
cxb4+ 47. Kxb4 Ne7 48. Be4 Kd8 49. c5 Kc7 50. c6 Kb6 51. Kc4 Ka5 52. Bf5 Kb6
53. Bd7 Kc7 54. Be8 f6 55. Bf7 f5 56. gxf5 Nxf5 57. Kd3 Kd8 58. Ke4 Ng3+ 59.
Ke3 Nf5+ 60. Kf2 Nh6 61. Be6 1/2-1/2

[Event "NB II. Toth Laszlo csoport"]
[Site "Szeged"]
[Date "2024.02.18"]
[Round "4.11"]
[White "Eros, Viktor"]
[Black "Szamko, Hanna"]
[Result "0-1"]
[WhiteElo "1063"]
[BlackElo "1670"]
[PlyCount "90"]
[EventDate "2023.10.08"]
[EventType "team-tourn"]
[EventRounds "9"]
[EventCountry "HUN"]
[Source "chess.hu"]
[WhiteTeam "TAKISZ SE"]
[BlackTeam "Maroczy SE II."]
[WhiteTeamCountry "HUN"]
[BlackTeamCountry "HUN"]

1. e4 d5 2. exd5 Qxd5 3. Nf3 Bg4 4. Be2 Nf6 5. O-O e6 6. c4 Qa5 7. d3 c6 8. Bd2
Qc7 9. Bg5 Bd6 10. h3 Bh5 11. Nc3 Nbd7 12. Ne4 Nxe4 13. dxe4 h6 14. Bd2 Nf6 15.
Bc3 Be7 16. Be5 Qa5 17. Bc3 Bb4 18. Bxb4 Qxb4 19. Qb3 Qxb3 20. axb3 Nxe4 21. g4
Bg6 22. Nh4 Bh7 23. Bd3 Nd2 24. Rfe1 Nxb3 25. Ra3 Nd4 26. Rc3 Bxd3 27. Rxd3 c5
28. b4 Nc2 29. Red1 Nxb4 30. Rd7 b6 31. Nf3 O-O 32. Ne5 a5 33. Rb7 Rab8 34.
Rxb8 Rxb8 35. Nd7 Rb7 36. Rd6 a4 37. Nxb6 a3 38. Rd8+ Kh7 39. Na4 a2 40. Nxc5
a1=Q+ 41. Kg2 Rc7 42. Nd7 Rxd7 43. Rxd7 Qa6 44. Rc7 Qb6 45. Rc8 Qb7+ 0-1

[Event "NB II. Toth Laszlo csoport"]
[Site "Bekes"]
[Date "2024.02.18"]
[Round "4.1"]
[White "Tapodi, Norman Lajos"]
[Black "Samu, Gabor Jr"]
[Result "1/2-1/2"]
[WhiteElo "2095"]
[BlackElo "2334"]
[PlyCount "20"]
[EventDate "2023.10.08"]
[EventType "team-tourn"]
[EventRounds "9"]
[EventCountry "HUN"]
[Source "chess.hu"]
[WhiteTeam "Meritum Egyesulet"]
[BlackTeam "Bekesi TE"]
[WhiteTeamCountry "HUN"]
[BlackTeamCountry "HUN"]

1. d4 d5 2. c4 c6 3. Nf3 Nf6 4. g3 g6 5. Bg2 Bg7 6. O-O O-O 7. Qb3 Qb6 8. Nc3
Bf5 9. cxd5 Qxb3 10. axb3 Nxd5 1/2-1/2